Central Library OPAC University of Rajshahi

Indian National Congress : (Record no. 2265)

MARC details
000 -LEADER
fixed length control field 01210nam a2200325 a 4500
001 - CONTROL NUMBER
control field 2265
003 - CONTROL NUMBER IDENTIFIER
rucl marc code BD-RjUL
005 - DATE AND TIME OF LATEST TRANSACTION
control field 20211208233520.0
008 - FIXED-LENGTH DATA ELEMENTS--GENERAL INFORMATION
fixed length control field 161202s1971 ii 00| 0 eng d
020 ## - INTERNATIONAL STANDARD BOOK NUMBER
Terms of availability : IRs. 75.00
035 ## - SYSTEM CONTROL NUMBER
System control number (BD-RjUL)2292
040 ## - CATALOGING SOURCE
Original cataloging agency BD-RjUL
Transcribing agency OUN
Modifying agency m.c.
-- BD-RjUL
Language of cataloging eng
041 ## - LANGUAGE CODE
Language code of text/sound track or separate title eng
082 04 - DEWEY DECIMAL CLASSIFICATION NUMBER
Edition number 23
Classification number 016.95403
Author mark and year SHI 1971
100 1# - MAIN ENTRY--PERSONAL NAME
Personal name Sharma, Jagdish Saran,
Dates associated with a name 1924-1993.
9 (RLIN) 1134
245 10 - TITLE STATEMENT
Title Indian National Congress :
Remainder of title a descriptive bibliography of India's struggle for freedom: Book One and Two /
Statement of responsibility, etc. by Jagdish Saran Sharma ; Foreword by U. N. Dhebar; Preface by Shriman Narayan.
250 ## - EDITION STATEMENT
Edition statement 2nd ed.
260 ## - PUBLICATION, DISTRIBUTION, ETC. (IMPRINT)
Place of publication, distribution, etc. Delhi;
Name of publisher, distributor, etc. S. Chand & Co. Pvt. ltd.
Date of publication, distribution, etc. 1971
300 ## - PHYSICAL DESCRIPTION
Pagination xliii, 816, 131 p. ;
Size 25 cm.
490 1# - SERIES STATEMENT
Series statement National bibliographies ;
Volume/sequential designation no. 3
504 ## - BIBLIOGRAPHY, ETC. NOTE
Bibliography, etc Includes Index
650 #0 - SUBJECT ADDED ENTRY--TOPICAL TERM
Topical term or geographic name as entry element Nationalism
Geographic subdivision India
Form subdivision Bibliography.
9 (RLIN) 7360
Topical term or geographic name as entry element Indian National Congress
General subdivision Bibliography.
9 (RLIN) 168383
Topical term or geographic name as entry element Freedom Movement
Geographic subdivision India
General subdivision Bibliography
9 (RLIN) 228315
700 ## - ADDED ENTRY--PERSONAL NAME
Personal name Dhebar, U. N. , Foreworder
Personal name Narayan, Shriman, Prefacer
830 #0 - SERIES ADDED ENTRY--UNIFORM TITLE
Uniform title National bibliographies ;
Volume number/sequential designation no. 3.
942 ## - ADDED ENTRY ELEMENTS (KOHA)
Source of classification or shelving scheme Dewey Decimal Classification
Koha item type Reference
Holdings
Lost status Source of classification or shelving scheme Damaged status Not for loan Collection code Permanent Location Current Location Shelving location Date acquired Source of acquisition Total Checkouts Full call number Date last seen Copy number Koha item type
  Dewey Decimal Classification   Not For Loan Reference Central Library, University of Rajshahi Central Library, University of Rajshahi   10/07/1974 indian govt.   R 016.95403 SHI 1971 11/12/2013 C-1 Reference